| 000 | 00361nam a2200133 i 4500 | ||
|---|---|---|---|
| 001 | bg | ||
| 100 | 1 | _aVOLFCUN, I. B. | |
| 245 | 0 |
_aRascet elementow balansa gruntowych wod : _bNa osnowe gidrometeorolog. informacii / _cI.B. Volfcun. |
|
| 260 |
_aLeningrad, _c1972. |
||
| 040 | _cBPK | ||
| 041 | _apol | ||
| 942 | _cKS | ||
| 008 | s pl f |000 0 pol | ||
| 999 |
_c15377 _d15377 |
||
| 856 |
_uhttp://koha.tu.koszalin.pl/cgi-bin/koha/opac-detail.pl?biblionumber=15377 _yKatalog online BPK |
||